The Messiahship of Jesus: (Record no. 2505)

000 -LEADER
fixed length control field 00782nam a2200217 a 4500
001 - CONTROL NUMBER
control field :::00000230$&:&@@
003 - CONTROL NUMBER IDENTIFIER
control field OkBaRHE
005 - DATE AND TIME OF LATEST TRANSACTION
control field 20000607103237.0
008 - FIXED-LENGTH DATA ELEMENTS--GENERAL INFORMATION
fixed length control field s1986 j 000 0 eng u
020 ## - INTERNATIONAL STANDARD BOOK NUMBER
International Standard Book Number 0802454216
040 ## - CATALOGING SOURCE
Transcribing agency
100 1# - MAIN ENTRY--PERSONAL NAME
Personal name Kac, Arthur W.,
245 14 - TITLE STATEMENT
Title The Messiahship of Jesus:
Remainder of title what Jews and Jewish Christians say.
260 ## - PUBLICATION, DISTRIBUTION, ETC. (IMPRINT)
Place of publication, distribution, etc Grand Rapids, MI., :
Name of publisher, distributor, etc Baker Book House
Date of publication, distribution, etc 1986
300 ## - PHYSICAL DESCRIPTION
Extent 351 p. ;
Dimensions 23 cm.
650 ## - SUBJECT ADDED ENTRY--TOPICAL TERM
Topical term or geographic name as entry element Converts from Judaism
General subdivision Addresses, essays, lectures
650 ## - SUBJECT ADDED ENTRY--TOPICAL TERM
Topical term or geographic name as entry element Jesus Christ
General subdivision Jewish interpretations
-- Addresses, essays, lectures
650 ## - SUBJECT ADDED ENTRY--TOPICAL TERM
Topical term or geographic name as entry element Jesus Christ
General subdivision Messiahship
-- Addresses, essays, lectures
942 ## - ADDED ENTRY ELEMENTS (KOHA)
Source of classification or shelving scheme
Koha item type Books
Copies
Not for loan Permanent Location Date acquired Copy number Barcode Source of classification or shelving scheme Damaged status Lost status Price effective from Shelving location Koha item type Full call number Current Location Date last seen Withdrawn status
 RHEMA Bible Training College2010-04-141230   2010-04-14General StacksBooksBM 620 .M47RHEMA Bible Training College2018-01-10